Church and sacraments / (Record no. 37617)
[ view plain ]
| 000 -LEADER | |
|---|---|
| fixed length control field | 00688nam a2200217 a 4500 |
| 001 - CONTROL NUMBER | |
| control field | REB010777 REB010778 |
| 005 - DATE AND TIME OF LATEST TRANSACTION | |
| control field | 20140707181843.0 |
| 008 - FIXED-LENGTH DATA ELEMENTS--GENERAL INFORMATION | |
| fixed length control field | |
| 020 ## - INTERNATIONAL STANDARD BOOK NUMBER | |
| International Standard Book Number | 9789715066754 |
| 100 ## - MAIN ENTRY--PERSONAL NAME | |
| Personal name | Corral, Victoria D. |
| 245 #0 - TITLE STATEMENT | |
| Title | Church and sacraments / |
| Statement of responsibility, etc | Victoria D. Corral. |
| 246 ## - VARYING FORM OF TITLE | |
| Title proper/short title | Church & sacraments |
| 264 ## - PRODUCTION, PUBLICATION, DISTRIBUTION, MANUFACTURE STATEMENTS | |
| Place of production, publication, distribution, manufacture | Manila : UST Publishing House, |
| Name of producer, publisher, distributor, manufacturer | <a href="UST Publishing House,">UST Publishing House,</a> |
| Date of production, publication, distribution, manufacture | c2012. |
| 300 ## - PHYSICAL DESCRIPTION | |
| Extent | xxiii, 330 pages : |
| Other physical details | illustration ; |
| Dimensions | 23 cm. |
| 336 ## - CONTENT TYPE | |
| Content Type Term | text |
| Source | rdacontent. |
| 337 ## - MEDIA TYPE | |
| Media Type Term | unmediated |
| Source | rdamedia. |
| 338 ## - CARRIER TYPE | |
| Carrier Type Term | volume |
| Source | rdacarrier. |
| 650 ## - SUBJECT ADDED ENTRY--TOPICAL TERM | |
| Topical term or geographic name as entry element | Catholic Church |
| General subdivision | History. |
| 650 ## - SUBJECT ADDED ENTRY--TOPICAL TERM | |
| Topical term or geographic name as entry element | Sacraments |
| General subdivision | Catholic Church. |
| 942 ## - ADDED ENTRY ELEMENTS (KOHA) | |
| Source of classification or shelving scheme | Library of Congress Classification |
| Item type | Books |
| Withdrawn status | Lost status | Source of classification or shelving scheme | Damaged status | Not for loan | Home library | Current library | Shelving location | Date acquired | Source of acquisition | Cost, normal purchase price | Inventory number | Total Checkouts | Full call number | Barcode | Date last seen | Price effective from | Koha item type |
|---|---|---|---|---|---|---|---|---|---|---|---|---|---|---|---|---|---|
| Library of Congress Classification | BSOP Library | BSOP Library | Filipiniana | 07/07/2014 | 300.00 | 36624 | BX944 C81 2012 | 00044224 | 07/07/2014 | 07/07/2014 | Books |
